Statistics for Top 35 Biggest Cities in North America

Click here to take the quiz!

General Stats

  • This quiz has been taken 86 times
  • The average score is 27 of 35

Answer Stats

Population (by millions)City Name% Correct
22.200New York City
100%
17.700Los Angeles
98%
22.600Mexico City
98%
6.250Miami
98%
9.750Chicago
96%
6.900Dallas-Fort Worth
96%
7.800San Francisco
96%
4.275Seattle
95%
8.500Washington-Baltimore
95%
6.500Houston
94%
7.600Boston
91%
7.300Toronto
91%
5.245San Diego–Tijuana
89%
2.725Vancouver
88%
5.700Atlanta
86%
5.700Detroit
86%
4.200Montréal
86%
3.650Denver
83%
4.500Phoenix
81%
3.275Orlando
79%
3.100St. Paul-Minneapolis
74%
2.350St. Louis
72%
5.150Guadalajara
70%
2.375Portland
70%
4.200Tampa
65%
3.050Cleveland
64%
4.825Monterrey
60%
3.025Guatemala City
54%
3.825Santo Domingo
54%
7.350Philadelphia
51%
2.750Cincinnati
49%
3.050Port Au Prince
47%
2.500El Paso–Juárez
40%
2.375Charlotte
36%
3.075Puebla
30%

Score Distribution

Percentile by Number Answered

Percent of People with Each Score

Your Score History

You have not taken this quiz